[Event "XXVI Miedzynarodowy Festiwal Szachowy im.Jozefa Dominika"]
[Site "Dobczyce"]
[Date "2018.07.11"]
[Round "1.8"]
[White "Cisek, Kamil"]
[Black "Watorek, Marcin"]
[Result "1/2-1/2"]
[BlackElo "2113"]
[WhiteElo "1726"]
[LiveChessVersion "1.4.8"]

1. d4 {[%clk 1:30:57]} Nf6 {[%clk 1:30:53]} 2. c4 {[%clk 1:31:10]} e6
{[%clk 1:31:09]} 3. g3 {[%clk 1:31:09]} c5 {[%clk 1:31:01]} 4. d5
{[%clk 1:31:09]} exd5 {[%clk 1:31:09]} 5. cxd5 {[%clk 1:31:07]} d6
{[%clk 1:31:34]} 6. Nc3 {[%clk 1:30:54]} g6 {[%clk 1:31:51]} 7. Bg2
{[%clk 1:30:43]} Bg7 {[%clk 1:32:16]} 8. Nf3 {[%clk 1:30:38]} O-O
{[%clk 1:32:22]} 9. O-O {[%clk 1:30:43]} Re8 {[%clk 1:31:52]} 10. Bf4
{[%clk 1:29:49]} Na6 {[%clk 1:28:43]} 11. Re1 {[%clk 1:26:43]} Nc7
{[%clk 1:29:03]} 12. a4 {[%clk 1:26:32]} a6 {[%clk 1:20:31]} 13. e4
{[%clk 1:22:46]} Bg4 {[%clk 1:18:19]} 14. Qb3 {[%clk 1:19:18]} Nh5
{[%clk 1:00:29]} 15. Bg5 {[%clk 1:08:46]} Qd7 {[%clk 0:57:25]} 16. a5
{[%clk 1:01:45]} Nb5 {[%clk 0:56:17]} 17. Na4 {[%clk 1:00:19]} Bxf3
{[%clk 0:49:07]} 18. Qxf3 {[%clk 0:59:02]} Nd4 {[%clk 0:48:51]} 19. Qd3
{[%clk 0:57:54]} Qb5 {[%clk 0:48:04]} 20. Qxb5 {[%clk 0:54:11]} axb5
{[%clk 0:48:14]} 21. Nb6 {[%clk 0:54:21]} Nc2 {[%clk 0:31:24]} 22. Nxa8
{[%clk 0:54:09]} Rxa8 {[%clk 0:31:49]} 23. Bd2 {[%clk 0:52:30]} b4
{[%clk 0:27:54]} 24. Ra2 {[%clk 0:49:57]} Nxe1 {[%clk 0:18:54]} 25. Bxe1
{[%clk 0:50:21]} Bd4 {[%clk 0:17:37]} 26. b3 {[%clk 0:48:02]} Nf6
{[%clk 0:17:45]} 27. Kf1 {[%clk 0:46:41]} Re8 {[%clk 0:14:32]} 28. f3
{[%clk 0:45:37]} Nd7 {[%clk 0:13:58]} 29. Bf2 {[%clk 0:43:51]} Bc3
{[%clk 0:13:03]} 30. f4 {[%clk 0:40:23]} c4 {[%clk 0:13:15]} 31. bxc4
{[%clk 0:39:17]} b3 {[%clk 0:13:36]} 32. Ra3 {[%clk 0:39:09]} b2 {[%clk 0:13:45]}
33. Rb3 {[%clk 0:39:20]} Ra8 {[%clk 0:12:27]} 34. e5 {[%clk 0:36:15]} f5
{[%clk 0:11:27]} 35. e6 {[%clk 0:35:20]} Nf6 {[%clk 0:10:08]} 36. Bb6
{[%clk 0:33:35]} Ng4 {[%clk 0:09:02]} 37. Ke2 {[%clk 0:31:48]} Kf8
{[%clk 0:08:41]} 38. Kd3 {[%clk 0:31:32]} Bxa5 {[%clk 0:03:57]} 39. Bxa5
{[%clk 0:30:32]} Rxa5 {[%clk 0:04:22]} 40. Rxb2 {[%clk 0:30:50]} Nxh2
{[%clk 0:04:32]} 41. Rxb7 {[%clk 0:30:43]} Ra3+ {[%clk 0:04:40]} 42. Kd4
{[%clk 0:29:54]} Rxg3 {[%clk 0:04:38]} 43. Rb8+ {[%clk 0:29:39]} Ke7
{[%clk 0:04:33]} 44. Rb7+ {[%clk 0:30:03]} Kf8 {[%clk 0:04:10]} 45. Rb8+
{[%clk 0:26:13]} 1/2-1/2

[Event "XXVI Miedzynarodowy Festiwal Szachowy im.Jozefa Dominika"]
[Site "Dobczyce"]
[Date "2018.07.11"]
[Round "1.9"]
[White "Marzec, Karol"]
[Black "Klementys, Jerzy"]
[Result "1-0"]
[BlackElo "1724"]
[WhiteElo "2006"]
[LiveChessVersion "1.4.8"]

1. e4 {[%clk 1:30:52]} c5 {[%clk 1:30:19]} 2. c3 {[%clk 1:31:09]} d5
{[%clk 1:30:42]} 3. exd5 {[%clk 1:31:32]} Qxd5 {[%clk 1:31:11]} 4. d4
{[%clk 1:31:49]} Nc6 {[%clk 1:31:15]} 5. dxc5 {[%clk 1:30:35]} Qxd1+
{[%clk 1:31:31]} 6. Kxd1 {[%clk 1:30:50]} e5 {[%clk 1:31:59]} 7. b4
{[%clk 1:30:36]} a5 {[%clk 1:32:26]} 8. Bd2 {[%clk 1:30:28]} Nf6 {[%clk 1:30:52]}
9. Bd3 {[%clk 1:26:50]} e4 {[%clk 1:25:30]} 10. Bc2 {[%clk 1:26:05]} Bg4+
{[%clk 1:25:04]} 11. f3 {[%clk 1:25:55]} exf3 {[%clk 1:25:32]} 12. Nxf3
{[%clk 1:26:03]} O-O-O {[%clk 1:24:12]} 13. Kc1 {[%clk 1:21:10]} Bxf3
{[%clk 1:18:58]} 14. gxf3 {[%clk 1:20:22]} g6 {[%clk 1:19:22]} 15. Na3
{[%clk 1:18:19]} Bg7 {[%clk 1:19:30]} 16. Nc4 {[%clk 1:16:46]} Nd5
{[%clk 1:07:57]} 17. b5 {[%clk 1:07:30]} Ncb4 {[%clk 1:01:49]} 18. Nd6+
{[%clk 1:04:26]} Rxd6 {[%clk 1:01:19]} 19. cxd6 {[%clk 1:04:46]} Nxc3
{[%clk 1:01:18]} 20. Bxc3 {[%clk 1:02:05]} Bxc3 {[%clk 1:01:45]} 21. Rb1
{[%clk 1:01:18]} Nxa2+ {[%clk 1:02:13]} 22. Kd1 {[%clk 1:01:28]} Rd8
{[%clk 1:02:42]} 23. Bb3 {[%clk 1:00:14]} Rxd6+ {[%clk 1:02:36]} 24. Ke2
{[%clk 1:00:12]} Bb4 {[%clk 0:59:17]} 25. Bxa2 {[%clk 0:53:49]} Rd2+
{[%clk 0:59:31]} 26. Ke3 {[%clk 0:53:54]} Rxa2 {[%clk 0:59:59]} 27. Rbc1+
{[%clk 0:53:15]} Kd8 {[%clk 1:00:26]} 28. Rhd1+ {[%clk 0:53:08]} Ke8
{[%clk 1:00:47]} 29. Rc8+ {[%clk 0:52:45]} Ke7 {[%clk 1:01:15]} 30. Rc7+
{[%clk 0:52:40]} Ke6 {[%clk 1:01:42]} 31. Rxb7 {[%clk 0:51:55]} Bc5+
{[%clk 1:00:23]} 32. Kd3 {[%clk 0:50:29]} Rxh2 {[%clk 1:00:17]} 33. Rc7
{[%clk 0:50:06]} Rh5 {[%clk 0:58:24]} 34. b6 {[%clk 0:42:15]} Bd6
{[%clk 0:46:02]} 35. Re1+ {[%clk 0:38:42]} Re5 {[%clk 0:45:35]} 36. Rxe5+
{[%clk 0:37:38]} Bxe5 {[%clk 0:45:23]} 37. Rc5 {[%clk 0:37:02]} Bd6
{[%clk 0:42:55]} 38. Rxa5 {[%clk 0:35:36]} Kd7 {[%clk 0:43:08]} 39. Ra7+
{[%clk 0:35:35]} Kc6 {[%clk 0:43:36]} 40. Rxf7 {[%clk 0:35:48]} Kxb6
{[%clk 0:44:03]} 41. Rxh7 {[%clk 0:36:01]} g5 {[%clk 0:44:19]} 42. Ke4
{[%clk 0:35:31]} Kc5 {[%clk 0:44:20]} 43. Kf5 {[%clk 0:35:23]} Bf4
{[%clk 0:43:58]} 44. Rg7 {[%clk 0:35:20]} Kd4 {[%clk 0:37:27]} 45. Rxg5
{[%clk 0:34:41]} Ke3 {[%clk 0:37:50]} 46. Rg4 {[%clk 0:34:04]} Bh2
{[%clk 0:38:17]} 47. f4 {[%clk 0:34:06]} Kf3 {[%clk 0:38:07]} 48. Rh4
{[%clk 0:33:30]} Bg1 {[%clk 0:38:26]} 49. Rh3+ {[%clk 0:32:43]} Kg2
{[%clk 0:38:45]} 50. Rb3 {[%clk 0:32:56]} Bc5 {[%clk 0:38:53]} 51. Ke4 1-0

[Event "XXVI Miedzynarodowy Festiwal Szachowy im.Jozefa Dominika"]
[Site "Dobczyce"]
[Date "2018.07.12"]
[Round "2.1"]
[White "Marzec, Karol"]
[Black "Mis, Mieszko"]
[Result "0-1"]
[BlackElo "2291"]
[WhiteElo "2006"]
[LiveChessVersion "1.4.8"]

1. e4 {[%clk 1:30:52]} c5 {[%clk 1:30:51]} 2. Nf3 {[%clk 1:31:06]} d6
{[%clk 1:31:16]} 3. Bb5+ {[%clk 1:30:39]} Nd7 {[%clk 1:30:36]} 4. c3
{[%clk 1:29:12]} Ngf6 {[%clk 1:29:04]} 5. Qe2 {[%clk 1:27:21]} a6
{[%clk 1:28:40]} 6. Ba4 {[%clk 1:26:44]} b5 {[%clk 1:23:20]} 7. Bc2
{[%clk 1:26:32]} e6 {[%clk 1:22:59]} 8. O-O {[%clk 1:26:00]} Be7 {[%clk 1:22:14]}
9. d4 {[%clk 1:25:18]} Bb7 {[%clk 1:21:10]} 10. Bg5 {[%clk 1:22:45]} Rc8
{[%clk 1:19:58]} 11. Bd3 {[%clk 1:20:34]} e5 {[%clk 1:16:48]} 12. dxe5
{[%clk 1:18:39]} dxe5 {[%clk 1:16:40]} 13. Nbd2 {[%clk 1:18:14]} Nh5
{[%clk 1:15:02]} 14. Bxe7 {[%clk 1:15:51]} Qxe7 {[%clk 1:15:29]} 15. g3
{[%clk 1:15:49]} O-O {[%clk 1:15:25]} 16. Nh4 {[%clk 1:14:27]} Nf4
{[%clk 1:15:41]} 17. gxf4 {[%clk 1:14:46]} Qxh4 {[%clk 1:16:05]} 18. f5
{[%clk 1:14:08]} c4 {[%clk 1:16:12]} 19. Bc2 {[%clk 1:14:06]} Qg5+
{[%clk 1:15:40]} 20. Kh1 {[%clk 1:13:45]} Qxf5 {[%clk 1:16:00]} 21. f3
{[%clk 1:13:16]} Qf4 {[%clk 1:15:57]} 22. Rg1 {[%clk 1:13:11]} Nf6
{[%clk 1:16:21]} 23. Nf1 {[%clk 1:12:47]} Rcd8 {[%clk 1:16:26]} 24. Ne3
{[%clk 1:12:40]} g6 {[%clk 1:15:53]} 25. Rad1 {[%clk 1:12:42]} Nh5
{[%clk 1:11:45]} 26. Nd5 {[%clk 1:10:01]} Bxd5 {[%clk 1:11:47]} 27. exd5
{[%clk 1:09:57]} Qf6 {[%clk 1:11:30]} 28. Rge1 {[%clk 1:09:48]} Rfe8
{[%clk 1:11:41]} 29. Qe4 {[%clk 1:09:14]} Qg5 {[%clk 1:09:44]} 30. Rg1
{[%clk 1:07:47]} Qf4 {[%clk 1:09:58]} 31. b3 {[%clk 1:07:24]} Nf6
{[%clk 1:09:38]} 32. Qxf4 {[%clk 1:07:31]} exf4 {[%clk 1:10:06]} 33. bxc4
{[%clk 1:07:46]} bxc4 {[%clk 1:10:33]} 34. Ba4 {[%clk 1:04:57]} Re3
{[%clk 1:10:48]} 35. Rd4 {[%clk 1:03:32]} Rxc3 {[%clk 1:10:06]} 36. Rgd1
{[%clk 1:03:15]} Rd6 {[%clk 1:09:27]} 37. Rxf4 {[%clk 1:02:54]} Kg7
{[%clk 1:01:56]} 38. Bc6 {[%clk 0:58:55]} g5 {[%clk 0:57:27]} 39. Rfd4
{[%clk 0:54:27]} Rxf3 {[%clk 0:57:22]} 40. Rxc4 {[%clk 0:55:07]} Rf5
{[%clk 0:57:00]} 41. Ra4 {[%clk 0:53:13]} a5 {[%clk 0:56:07]} 42. Rad4
{[%clk 0:52:54]} h5 {[%clk 0:56:17]} 43. h3 {[%clk 0:52:44]} Rf2 {[%clk 0:56:01]}
44. R1d2 {[%clk 0:52:31]} Rxd2 {[%clk 0:56:05]} 45. Rxd2 {[%clk 0:52:52]} Kg6
{[%clk 0:56:30]} 46. Rd4 {[%clk 0:51:42]} Kf5 {[%clk 0:54:58]} 47. Ra4
{[%clk 0:50:24]} Nxd5 {[%clk 0:55:18]} 48. Rxa5 {[%clk 0:50:39]} Rxc6
{[%clk 0:55:43]} 49. Rxd5+ {[%clk 0:50:43]} Kf4 {[%clk 0:56:09]} 50. h4
{[%clk 0:46:51]} g4 {[%clk 0:56:27]} 51. Rd3 {[%clk 0:46:13]} g3 {[%clk 0:56:27]}
52. a4 {[%clk 0:46:14]} Kg4 {[%clk 0:56:29]} 53. Kg2 {[%clk 0:45:41]} Rc2+
{[%clk 0:56:56]} 54. Kf1 {[%clk 0:45:55]} Kh3 {[%clk 0:57:09]} 55. Ra3
{[%clk 0:46:11]} Kh2 {[%clk 0:57:25]} 0-1

[Event "XXVI Miedzynarodowy Festiwal Szachowy im.Jozefa Dominika"]
[Site "Dobczyce"]
[Date "2018.07.12"]
[Round "2.2"]
[White "Golenia, Jan"]
[Black "Lewtak, Dominik"]
[Result "0-1"]
[BlackElo "2164"]
[WhiteElo "1986"]
[LiveChessVersion "1.4.8"]

1. f4 {[%clk 1:30:17]} d5 {[%clk 1:26:04]} 2. Nf3 {[%clk 1:30:10]} c5
{[%clk 1:26:24]} 3. g3 {[%clk 1:30:33]} Nc6 {[%clk 1:26:16]} 4. Bg2
{[%clk 1:30:56]} Nf6 {[%clk 1:26:42]} 5. d3 {[%clk 1:30:44]} g6 {[%clk 1:21:55]}
6. O-O {[%clk 1:29:19]} Bg7 {[%clk 1:21:07]} 7. c3 {[%clk 1:28:19]} O-O
{[%clk 1:21:14]} 8. Na3 {[%clk 1:28:46]} Qc7 {[%clk 1:13:59]} 9. Qe1
{[%clk 1:24:10]} d4 {[%clk 1:06:54]} 10. e4 {[%clk 1:16:16]} dxc3
{[%clk 0:59:08]} 11. bxc3 {[%clk 1:14:30]} Rd8 {[%clk 0:59:15]} 12. Qe2
{[%clk 1:08:27]} Qa5 {[%clk 0:53:42]} 13. Bb2 {[%clk 1:08:38]} b5
{[%clk 0:51:54]} 14. c4 {[%clk 0:40:38]} bxc4 {[%clk 0:38:04]} 15. Nxc4
{[%clk 0:39:02]} Qa6 {[%clk 0:38:19]} 16. Rfc1 {[%clk 0:31:10]} Rb8
{[%clk 0:33:06]} 17. Nce5 {[%clk 0:28:02]} Ng4 {[%clk 0:22:59]} 18. Rxc5
{[%clk 0:16:04]} Qb6 {[%clk 0:17:37]} 19. Rac1 {[%clk 0:16:20]} Ncxe5
{[%clk 0:17:56]} 20. Bxe5 {[%clk 0:16:06]} Nxe5 {[%clk 0:18:11]} 21. Nxe5
{[%clk 0:16:32]} Bxe5 {[%clk 0:18:26]} 22. fxe5 {[%clk 0:16:58]} Ba6
{[%clk 0:18:50]} 23. e6 {[%clk 0:09:15]} f6 {[%clk 0:17:12]} 24. Kh1
{[%clk 0:08:42]} Bxd3 {[%clk 0:16:34]} 25. Qg4 {[%clk 0:08:27]} Qxc5
{[%clk 0:14:57]} 26. Rxc5 {[%clk 0:07:41]} Rb1+ {[%clk 0:15:21]} 27. Bf1
{[%clk 0:08:03]} Bxf1 {[%clk 0:15:48]} 28. Qf4 {[%clk 0:08:24]} Bh3+
{[%clk 0:16:11]} 29. Rc1 {[%clk 0:08:05]} Rd1+ {[%clk 0:16:35]} 0-1

[Event "XXVI Miedzynarodowy Festiwal Szachowy im.Jozefa Dominika"]
[Site "Dobczyce"]
[Date "2018.07.12"]
[Round "2.3"]
[White "Kasperek, Ryszard"]
[Black "Kuciel, Wladyslaw"]
[Result "1-0"]
[BlackElo "1963"]
[WhiteElo "2156"]
[LiveChessVersion "1.4.8"]

1. e4 {[%clk 1:30:59]} c5 {[%clk 1:30:53]} 2. Nf3 {[%clk 1:31:20]} e6
{[%clk 1:31:13]} 3. d4 {[%clk 1:31:37]} cxd4 {[%clk 1:31:37]} 4. Nxd4
{[%clk 1:32:02]} a6 {[%clk 1:31:58]} 5. Nc3 {[%clk 1:31:53]} Qc7 {[%clk 1:31:34]}
6. Be2 {[%clk 1:31:01]} Nf6 {[%clk 1:31:20]} 7. O-O {[%clk 1:31:13]} d6
{[%clk 1:31:26]} 8. f4 {[%clk 1:29:35]} Nbd7 {[%clk 1:22:33]} 9. Bf3
{[%clk 1:22:09]} Be7 {[%clk 1:21:49]} 10. Kh1 {[%clk 1:12:50]} O-O
{[%clk 1:15:10]} 11. g4 {[%clk 1:09:15]} Rb8 {[%clk 1:13:00]} 12. a4
{[%clk 1:07:27]} Nb6 {[%clk 1:09:27]} 13. g5 {[%clk 1:07:13]} Ne8
{[%clk 1:02:21]} 14. Bg2 {[%clk 1:02:30]} Bd7 {[%clk 0:55:51]} 15. Qh5
{[%clk 0:57:20]} g6 {[%clk 0:48:06]} 16. Qh6 {[%clk 0:54:41]} Ng7
{[%clk 0:46:25]} 17. f5 {[%clk 0:43:01]} Rfc8 {[%clk 0:40:37]} 18. Qh4
{[%clk 0:28:18]} Bf8 {[%clk 0:26:06]} 19. f6 {[%clk 0:14:39]} Ne8
{[%clk 0:24:37]} 20. Rf3 {[%clk 0:14:30]} e5 {[%clk 0:19:45]} 21. Nde2
{[%clk 0:13:20]} Bxa4 {[%clk 0:17:08]} 22. Rh3 h6 {[%clk 0:17:21]} 23. Rxa4
{[%clk 0:07:17]} Nxa4 {[%clk 0:12:36]} 24. Nd5 {[%clk 0:06:31]} Qxc2
{[%clk 0:12:29]} 25. Ne7+ {[%clk 0:06:13]} Bxe7 {[%clk 0:12:42]} 26. Qxh6
{[%clk 0:06:24]} Qd1+ {[%clk 0:09:59]} 27. Ng1 {[%clk 0:06:49]} Qh5
{[%clk 0:10:21]} 28. Rxh5 {[%clk 0:07:11]} gxh5 {[%clk 0:10:45]} 29. fxe7
{[%clk 0:07:18]} Ng7 {[%clk 0:09:40]} 30. g6 {[%clk 0:07:35]} fxg6
{[%clk 0:09:48]} 31. Be3 {[%clk 0:06:50]} Nxb2 {[%clk 0:09:41]} 32. Qxg6
{[%clk 0:06:54]} Nd1 {[%clk 0:09:58]} 33. Bh3 {[%clk 0:06:24]} Nxe3
{[%clk 0:09:03]} 34. Be6+ 1-0

[Event "XXVI Miedzynarodowy Festiwal Szachowy im.Jozefa Dominika"]
[Site "Dobczyce"]
[Date "2018.07.12"]
[Round "2.4"]
[White "Slabek, Grzegorz"]
[Black "Szczurek, Krzysztof"]
[Result "0-1"]
[BlackElo "2136"]
[WhiteElo "1971"]
[LiveChessVersion "1.4.8"]

1. d4 {[%clk 1:30:42]} Nf6 {[%clk 1:30:35]} 2. Nf3 {[%clk 1:30:50]} g6
{[%clk 1:29:58]} 3. e3 {[%clk 1:25:32]} Bg7 {[%clk 1:29:49]} 4. Be2
{[%clk 1:25:56]} O-O {[%clk 1:29:09]} 5. O-O {[%clk 1:26:20]} d6 {[%clk 1:29:12]}
6. b3 {[%clk 1:26:23]} Nbd7 {[%clk 1:28:34]} 7. Bb2 {[%clk 1:26:48]} b6
{[%clk 1:28:50]} 8. c4 {[%clk 1:27:10]} Bb7 {[%clk 1:28:57]} 9. Nc3
{[%clk 1:27:18]} e6 {[%clk 1:27:18]} 10. Qc2 {[%clk 1:27:25]} Qe7
{[%clk 1:25:50]} 11. a4 {[%clk 1:18:37]} Rfc8 {[%clk 1:23:28]} 12. a5
{[%clk 1:18:04]} a6 {[%clk 1:23:46]} 13. Rfd1 {[%clk 1:14:41]} h6
{[%clk 1:19:44]} 14. h3 {[%clk 1:14:20]} Rd8 {[%clk 1:09:57]} 15. b4
{[%clk 1:04:55]} c5 {[%clk 1:04:12]} 16. Ba3 {[%clk 0:59:22]} bxa5
{[%clk 0:58:11]} 17. bxc5 {[%clk 0:58:08]} dxc5 {[%clk 0:58:34]} 18. Na4
{[%clk 0:56:44]} Ne4 {[%clk 0:57:32]} 19. Rab1 {[%clk 0:54:55]} Bc6
{[%clk 0:54:21]} 20. Nb6 {[%clk 0:54:47]} Nxb6 {[%clk 0:53:43]} 21. Rxb6
{[%clk 0:55:09]} Qc7 {[%clk 0:53:38]} 22. dxc5 {[%clk 0:52:53]} Nc3
{[%clk 0:38:42]} 23. Rxd8+ {[%clk 0:51:03]} Rxd8 {[%clk 0:38:58]} 24. Nd4
{[%clk 0:50:30]} Bxd4 {[%clk 0:37:30]} 25. exd4 {[%clk 0:50:44]} Nxe2+
{[%clk 0:31:20]} 26. Qxe2 {[%clk 0:46:54]} Rb8 {[%clk 0:15:46]} 27. Qd2
{[%clk 0:37:12]} Rxb6 {[%clk 0:15:20]} 28. cxb6 {[%clk 0:37:36]} Qxb6
{[%clk 0:15:44]} 29. d5 {[%clk 0:37:01]} exd5 {[%clk 0:15:07]} 30. cxd5
{[%clk 0:37:24]} Qd8 {[%clk 0:14:23]} 31. d6 {[%clk 0:34:04]} Qg5
{[%clk 0:13:56]} 32. f4 {[%clk 0:33:53]} Qf5 {[%clk 0:13:36]} 33. Bb2
{[%clk 0:31:01]} f6 {[%clk 0:09:12]} 34. Kh2 {[%clk 0:21:47]} Kf7
{[%clk 0:06:10]} 35. Qd4 {[%clk 0:18:23]} Qe6 {[%clk 0:01:45]} 36. Qa7+
{[%clk 0:17:20]} Bd7 {[%clk 0:02:08]} 37. Qc7 {[%clk 0:15:43]} a4
{[%clk 0:02:04]} 38. Ba3 {[%clk 0:14:09]} Kg7 {[%clk 0:01:46]} 39. Qd8
{[%clk 0:12:08]} g5 {[%clk 0:01:20]} 40. fxg5 {[%clk 0:10:53]} hxg5
{[%clk 0:01:32]} 41. Kg1 {[%clk 0:10:54]} Kg6 {[%clk 0:01:29]} 42. Qb6
{[%clk 0:07:54]} Qe4 {[%clk 0:00:47]} 43. Qf2 {[%clk 0:06:39]} Qd3
{[%clk 0:00:44]} 44. Bc5 {[%clk 0:06:11]} Qf5 {[%clk 0:00:43]} 45. Qd4
{[%clk 0:03:08]} Qe6 {[%clk 0:00:37]} 46. Bb4 {[%clk 0:03:25]} Bb5
{[%clk 0:00:53]} 47. Kh1 {[%clk 0:02:48]} Qf5 {[%clk 0:01:00]} 48. Qc3
{[%clk 0:02:29]} Qf1+ {[%clk 0:00:51]} 49. Kh2 {[%clk 0:02:56]} Qf4+
{[%clk 0:01:15]} 50. Kg1 {[%clk 0:03:16]} Qe4 {[%clk 0:01:37]} 51. Qd2
{[%clk 0:03:07]} Qf5 {[%clk 0:01:28]} 52. Qe1 {[%clk 0:02:09]} Bc6
{[%clk 0:01:29]} 53. Qd2 {[%clk 0:02:06]} Kh7 {[%clk 0:01:02]} 54. Qd4
{[%clk 0:01:53]} Kg6 {[%clk 0:00:42]} 55. Qc4 {[%clk 0:01:59]} Bd5
{[%clk 0:00:39]} 56. Qd4 {[%clk 0:02:04]} Be6 {[%clk 0:00:46]} 57. Qd2
{[%clk 0:01:56]} Qb1+ {[%clk 0:00:31]} 58. Kh2 {[%clk 0:02:10]} Qf5
{[%clk 0:00:57]} 59. Kg1 {[%clk 0:02:27]} a5 {[%clk 0:01:22]} 60. Ba3
{[%clk 0:02:28]} Bd7 {[%clk 0:01:41]} 61. Qd4 {[%clk 0:01:52]} Qe5
{[%clk 0:01:21]} 62. Qd3+ {[%clk 0:01:26]} Bf5 {[%clk 0:01:37]} 63. Qf3
{[%clk 0:01:33]} Qe1+ {[%clk 0:01:10]} 64. Kh2 {[%clk 0:01:50]} Qe5+
{[%clk 0:01:32]} 65. Kg1 {[%clk 0:02:05]} Qd4+ {[%clk 0:00:54]} 66. Kh1
{[%clk 0:02:03]} Be4 {[%clk 0:01:03]} 67. Qg3 {[%clk 0:01:24]} Bc6
{[%clk 0:00:59]} 68. Kh2 {[%clk 0:01:13]} Kh6 {[%clk 0:00:55]} 69. Bc1
{[%clk 0:01:13]} Kg6 {[%clk 0:00:58]} 70. Ba3 {[%clk 0:01:31]} Kf7
{[%clk 0:01:07]} 71. Kh1 {[%clk 0:01:06]} Qd5 {[%clk 0:01:00]} 72. Qf2
{[%clk 0:01:12]} Qb3 {[%clk 0:00:40]} 73. Bb2 {[%clk 0:00:56]} Qd1+
{[%clk 0:00:41]} 74. Kh2 {[%clk 0:01:17]} Qxd6+ {[%clk 0:01:07]} 75. g3
{[%clk 0:01:33]} Bb7 {[%clk 0:01:10]} 76. Qc2 {[%clk 0:01:48]} Kg7
{[%clk 0:00:44]} 77. Qc1 {[%clk 0:02:06]} Qd5 {[%clk 0:01:01]} 78. Qc7+
{[%clk 0:02:05]} Kh6 {[%clk 0:01:22]} 0-1

[Event "XXVI Miedzynarodowy Festiwal Szachowy im.Jozefa Dominika"]
[Site "Dobczyce"]
[Date "2018.07.12"]
[Round "2.5"]
[White "Bednarczyk, Damian"]
[Black "Cisek, Kamil"]
[Result "1-0"]
[BlackElo "1726"]
[WhiteElo "2227"]
[LiveChessVersion "1.4.8"]

1. d4 {[%clk 1:24:20]} d5 {[%clk 1:30:55]} 2. c4 {[%clk 1:24:41]} e6
{[%clk 1:31:08]} 3. Nc3 {[%clk 1:25:04]} Nf6 {[%clk 1:31:09]} 4. cxd5
{[%clk 1:25:21]} exd5 {[%clk 1:31:14]} 5. Bg5 {[%clk 1:25:41]} Be7
{[%clk 1:30:58]} 6. Qc2 {[%clk 1:25:30]} c6 {[%clk 1:30:58]} 7. e3
{[%clk 1:25:45]} O-O {[%clk 1:30:45]} 8. Bd3 {[%clk 1:25:36]} Nbd7
{[%clk 1:30:21]} 9. Nge2 {[%clk 1:25:31]} Re8 {[%clk 1:30:02]} 10. O-O
{[%clk 1:23:15]} Nf8 {[%clk 1:29:44]} 11. f3 {[%clk 1:22:05]} Ng6
{[%clk 1:28:09]} 12. Rad1 {[%clk 1:20:07]} Be6 {[%clk 1:26:36]} 13. e4
{[%clk 1:13:10]} dxe4 {[%clk 1:25:05]} 14. fxe4 {[%clk 1:12:34]} Qc7
{[%clk 1:18:43]} 15. Bxf6 {[%clk 1:01:07]} Bxf6 {[%clk 1:18:57]} 16. e5
{[%clk 1:01:18]} Be7 {[%clk 1:16:24]} 17. Nf4 {[%clk 0:59:44]} Bg4
{[%clk 1:13:42]} 18. Nxg6 {[%clk 0:59:36]} hxg6 {[%clk 1:13:49]} 19. Bxg6
{[%clk 0:59:56]} fxg6 {[%clk 1:11:17]} 20. Qxg6 {[%clk 1:00:17]} Bg5
{[%clk 1:05:15]} 21. Ne4 {[%clk 1:00:11]} Re6 {[%clk 0:57:23]} 22. Qxg5
{[%clk 0:57:12]} Bxd1 {[%clk 0:56:57]} 23. Rxd1 {[%clk 0:51:23]} Qd8
{[%clk 0:44:03]} 24. Nf6+ {[%clk 0:44:45]} Kf7 {[%clk 0:42:33]} 25. d5
{[%clk 0:39:09]} cxd5 {[%clk 0:41:54]} 26. Qh5+ {[%clk 0:30:46]} Kf8
{[%clk 0:40:15]} 27. Nxd5 {[%clk 0:29:14]} Qc8 {[%clk 0:38:48]} 28. Qh8+
{[%clk 0:29:16]} Kf7 {[%clk 0:39:13]} 29. Rf1+ {[%clk 0:29:37]} Rf6
{[%clk 0:39:05]} 30. Rxf6+ {[%clk 0:28:58]} gxf6 {[%clk 0:39:24]} 31. Qxf6+
{[%clk 0:29:23]} 1-0

[Event "XXVI Miedzynarodowy Festiwal Szachowy im.Jozefa Dominika"]
[Site "Dobczyce"]
[Date "2018.07.12"]
[Round "2.6"]
[White "Watorek, Marcin"]
[Black "Mirski, Michal"]
[Result "1-0"]
[BlackElo "1973"]
[WhiteElo "2113"]
[LiveChessVersion "1.4.8"]

1. d4 {[%clk 1:30:58]} e6 {[%clk 1:30:28]} 2. c4 {[%clk 1:31:07]} f5
{[%clk 1:29:36]} 3. Nc3 {[%clk 1:30:59]} Nf6 {[%clk 1:30:01]} 4. Qc2
{[%clk 1:30:28]} Bb4 {[%clk 1:28:37]} 5. e3 c5 6. Bd3 {[%clk 1:24:33]} b6
{[%clk 1:22:15]} 7. Nge2 {[%clk 1:23:57]} Bb7 {[%clk 1:21:45]} 8. f3
{[%clk 1:24:19]} Nc6 {[%clk 1:11:23]} 9. Bd2 {[%clk 1:11:07]} Qe7
{[%clk 1:07:37]} 10. O-O-O {[%clk 1:04:11]} Rc8 11. Kb1 cxd4 {[%clk 1:00:06]} 12.
exd4 {[%clk 1:03:28]} Bd6 {[%clk 0:58:32]} 13. Nb5 {[%clk 0:50:08]} Bb8
{[%clk 0:55:34]} 14. d5 {[%clk 0:47:24]} Ne5 {[%clk 0:47:42]} 15. dxe6
{[%clk 0:24:28]} dxe6 {[%clk 0:47:04]} 16. Rhe1 {[%clk 0:24:50]} a6
{[%clk 0:39:10]} 17. Nbd4 {[%clk 0:21:57]} b5 {[%clk 0:36:33]} 18. Nf4
{[%clk 0:20:06]} bxc4 {[%clk 0:33:19]} 19. Bxf5 {[%clk 0:12:14]} exf5
{[%clk 0:30:35]} 20. Nxf5 {[%clk 0:12:40]} Qc5 {[%clk 0:21:14]} 21. Ne6
{[%clk 0:12:47]} Qb6 {[%clk 0:18:26]} 22. Nexg7+ {[%clk 0:12:32]} Kf7
{[%clk 0:16:19]} 23. f4 {[%clk 0:11:32]} Ng6 {[%clk 0:06:36]} 24. Bc3
{[%clk 0:09:15]} Rhd8 {[%clk 0:04:24]} 25. Re6 {[%clk 0:07:31]} Qxe6
{[%clk 0:03:14]} 26. Nxe6 {[%clk 0:07:49]} Rxd1+ {[%clk 0:02:04]} 27. Qxd1
{[%clk 0:08:13]} Be4+ {[%clk 0:02:04]} 28. Ka1 {[%clk 0:08:38]} Kxe6
{[%clk 0:01:34]} 29. Qd4 {[%clk 0:06:04]} Bxf5 {[%clk 0:00:36]} 30. Qxf6+
{[%clk 0:06:27]} Kd7 {[%clk 0:00:41]} 31. Qxf5+ {[%clk 0:06:48]} Kc7
{[%clk 0:00:45]} 32. Ba5+ {[%clk 0:06:18]} Kb7 {[%clk 0:00:38]} 33. Qd5+
{[%clk 0:06:12]} Rc6 {[%clk 0:00:36]} 34. f5 {[%clk 0:06:22]} Ne5
{[%clk 0:00:37]} 35. f6 {[%clk 0:06:25]} Bd6 {[%clk 0:00:43]} 36. f7
{[%clk 0:05:48]} Nd7 {[%clk 0:00:35]} 37. a3 {[%clk 0:05:12]} Nf8
{[%clk 0:00:39]} 38. g4 {[%clk 0:04:56]} Be7 {[%clk 0:00:31]} 39. h4
{[%clk 0:04:47]} 1-0